[Event "DEM U18w 2019"]
[Site "Willingen GER"]
[Date "2019.06.12"]
[Round "6"]
[White "Schiewe, Nadin"]
[Black "Gauchel, Verena"]
[Result "1-0"]
[Termination "normal"]
[Board "9"]
[WhiteElo "1608"]
[BlackElo "1534"]
[WhiteClock "00:27:58"]
[BlackClock "00:08:46"]
[PlyCount "109"]
[WhiteFideId "16209079"]
[BlackFideId "12988537"]
[EventCountry "GER"]
[EventRounds "9"]
[EventType "swiss"]
[EventDate "2019.06.08"]

1. d4 {[%clk 1:30:58]} 1... Nf6 {[%clk 1:30:56]} 2. c4 {[%clk 1:31:10]} 2... g6
{[%clk 1:30:56]} 3. Nc3 {[%clk 1:31:20]} 3... d5 {[%clk 1:31:00]} 4. e3 { [%clk
1:30:15]} 4... Bg7 {[%clk 1:30:21]} 5. Nf3 {[%clk 1:29:55]} 5... O-O { [%clk
1:29:13]} 6. Bd3 {[%clk 1:28:54]} 6... dxc4 {[%clk 1:25:41]} 7. Bxc4 { [%clk
1:29:12]} 7... Nbd7 {[%clk 1:25:47]} 8. b3 {[%clk 1:27:03]} 8... c5 { [%clk
1:23:54]} 9. Bb2 {[%clk 1:26:45]} 9... b6 {[%clk 1:17:26]} 10. Qe2 { [%clk
1:21:29]} 10... Bb7 {[%clk 1:16:09]} 11. O-O {[%clk 1:14:43]} 11... Qc7 { [%clk
1:06:36]} 12. Ba6 {[%clk 1:12:15]} 12... Bxf3 {[%clk 0:55:05]} 13. Qxf3 { [%clk
1:12:14]} 13... cxd4 {[%clk 0:52:26]} 14. Nb5 {[%clk 1:07:07]} 14... Qc2 {[%clk
0:41:24]} 15. Bxd4 {[%clk 1:07:03]} 15... e5 {[%clk 0:30:58]} 16. Rfc1 { [%clk
0:56:16]} 16... Qd2 {[%clk 0:27:11]} 17. Bc3 {[%clk 0:54:03]} 17... Qd5 { [%clk
0:25:21]} 18. Bb7 {[%clk 0:48:31]} 18... Qxf3 {[%clk 0:25:11]} 19. Bxf3 { [%clk
0:45:57]} 19... e4 {[%clk 0:24:33]} 20. Be2 {[%clk 0:46:04]} 20... a6 { [%clk
0:20:44]} 21. Nc7 {[%clk 0:44:17]} 21... Ra7 {[%clk 0:16:16]} 22. Nxa6 { [%clk
0:42:52]} 22... Nd5 {[%clk 0:15:04]} 23. Bxg7 {[%clk 0:42:49]} 23... Kxg7
{[%clk 0:15:33]} 24. b4 {[%clk 0:32:42]} 24... Rfa8 {[%clk 0:13:09]} 25. b5 {
[%clk 0:31:35]} 25... N7f6 {[%clk 0:12:34]} 26. Rc4 {[%clk 0:29:32]} 26... h6 {
[%clk 0:11:21]} 27. Rac1 {[%clk 0:28:29]} 27... Rb7 {[%clk 0:10:35]} 28. Bd1 {
[%clk 0:26:07]} 28... g5 {[%clk 0:09:24]} 29. g4 {[%clk 0:24:56]} 29... Kg6 {
[%clk 0:09:06]} 30. h3 {[%clk 0:19:34]} 30... Re7 {[%clk 0:08:38]} 31. Bc2 {
[%clk 0:18:38]} 31... Kg7 {[%clk 0:08:26]} 32. a4 {[%clk 0:17:54]} 32... Re6 {
[%clk 0:07:29]} 33. Bb3 {[%clk 0:16:34]} 33... Re7 {[%clk 0:06:57]} 34. Nc7 {
[%clk 0:15:22]} 34... Rb8 {[%clk 0:05:48]} 35. Nxd5 {[%clk 0:13:43]} 35... Nxd5
{[%clk 0:06:17]} 36. Rd4 {[%clk 0:13:57]} 36... Nf6 {[%clk 0:05:48]} 37. Rcc4 {
[%clk 0:13:14]} 37... Re5 {[%clk 0:02:27]} 38. Rc6 {[%clk 0:11:25]} 38... Ne8 {
[%clk 0:02:05]} 39. Bc2 {[%clk 0:10:32]} 39... Nf6 {[%clk 0:00:36]} 40. Rdd6 {
[%clk 0:08:30]} 40... Nd5 {[%clk 0:01:03]} 41. Bb3 {[%clk 0:08:02]} 41... Ne7 {
[%clk 0:21:24]} 42. Rxb6 {[%clk 0:36:54]} 42... Rxb6 {[%clk 0:21:00]} 43. Rxb6
{[%clk 0:37:19]} 43... Rc5 {[%clk 0:19:56]} 44. Rb7 {[%clk 0:35:27]} 44... Kf8
{[%clk 0:18:26]} 45. a5 {[%clk 0:32:21]} 45... Rc1+ {[%clk 0:16:40]} 46. Kg2 {
[%clk 0:32:46]} 46... Rc3 {[%clk 0:16:32]} 47. a6 {[%clk 0:31:57]} 47... Nc8 {
[%clk 0:14:38]} 48. Bxf7 {[%clk 0:31:02]} 48... Nd6 {[%clk 0:10:03]} 49. a7 {
[%clk 0:27:35]} 49... Nxb7 {[%clk 0:09:36]} 50. a8=Q+ {[%clk 0:27:56]} 50...
Kxf7 {[%clk 0:10:00]} 51. Qxb7+ {[%clk 0:28:14]} 51... Kf6 {[%clk 0:09:43]} 52.
Qxe4 {[%clk 0:28:12]} 52... Rb3 {[%clk 0:09:45]} 53. b6 {[%clk 0:28:11]} 53...
Kg7 {[%clk 0:08:58]} 54. b7 {[%clk 0:28:30]} 54... Kf8 {[%clk 0:08:46]} 55. Qc6
{[%clk 0:27:58]} 1-0

[Event "DEM U18w 2019"]
[Site "Willingen GER"]
[Date "2019.06.12"]
[Round "6"]
[White "Gesell, Patricia"]
[Black "Mundt, Alexandra"]
[Result "0-1"]
[Termination "normal"]
[Board "13"]
[WhiteElo "1046"]
[BlackElo "1799"]
[WhiteClock "00:29:09"]
[BlackClock "00:09:17"]
[PlyCount "114"]
[WhiteFideId "16286960"]
[BlackFideId "16217276"]
[EventCountry "GER"]
[EventRounds "9"]
[EventType "swiss"]
[EventDate "2019.06.08"]

1. Nf3 {[%clk 1:30:57]} 1... d5 {[%clk 1:30:50]} 2. c4 {[%clk 1:31:21]} 2... c6
{[%clk 1:31:11]} 3. g3 {[%clk 1:31:15]} 3... h6 {[%clk 1:31:31]} 4. Bg2 { [%clk
1:30:54]} 4... Bf5 {[%clk 1:31:49]} 5. b3 {[%clk 1:29:32]} 5... e6 { [%clk
1:31:33]} 6. Bb2 6... a5 {[%clk 1:29:32]} 7. O-O {[%clk 1:26:13]} 7... Nf6
{[%clk 1:24:59]} 8. e3 {[%clk 1:24:21]} 8... dxc4 {[%clk 1:22:06]} 9. Re1 {
[%clk 1:17:53]} 9... Nbd7 {[%clk 1:07:18]} 10. bxc4 {[%clk 1:10:54]} 10... Bd3
{[%clk 1:04:25]} 11. Ne5 {[%clk 1:05:35]} 11... Nxe5 {[%clk 0:53:59]} 12. Bxe5
{[%clk 0:59:39]} 12... Nd7 13. Bb2 {[%clk 0:58:56]} 13... Bxc4 {[%clk 0:51:50]}
14. Nc3 {[%clk 0:55:09]} 14... Nc5 15. d4 {[%clk 0:54:44]} 15... Nd3 { [%clk
0:46:56]} 16. Re2 {[%clk 0:48:17]} 16... Be7 17. a3 {[%clk 0:47:30]} 17... O-O
{[%clk 0:27:37]} 18. Be4 18... Nxb2 {[%clk 0:27:34]} 19. Rxb2 { [%clk 0:47:44]}
19... Ba6 20. Ne2 {[%clk 0:38:36]} 20... Bf6 {[%clk 0:27:29]} 21. Nf4 {[%clk
0:36:15]} 21... e5 {[%clk 0:26:02]} 22. Nh5 {[%clk 0:35:32]} 22... exd4 {[%clk
0:26:07]} 23. Nxf6+ {[%clk 0:34:42]} 23... Qxf6 { [%clk 0:26:33]} 24. Qxd4
{[%clk 0:33:36]} 24... Qxd4 {[%clk 0:26:44]} 25. exd4 {[%clk 0:34:00]} 25...
Rad8 {[%clk 0:26:45]} 26. Rd1 {[%clk 0:32:59]} 26... Rfe8 {[%clk 0:26:13]} 27.
Bf3 {[%clk 0:32:08]} 27... Rd6 {[%clk 0:23:20]} 28. Rb6 {[%clk 0:30:40]} 28...
Red8 {[%clk 0:21:33]} 29. d5 {[%clk 0:29:52]} 29... cxd5 30. Rxd6 {[%clk
0:28:41]} 30... Rxd6 {[%clk 0:20:27]} 31. Bxd5 { [%clk 0:27:57]} 31... Kf8
{[%clk 0:20:43]} 32. Bb3 32... Rxd1+ {[%clk 0:12:15]} 33. Bxd1 {[%clk 0:27:20]}
33... Ke7 {[%clk 0:12:41]} 34. f4 {[%clk 0:26:39]} 34... Kd6 {[%clk 0:11:50]}
35. Bb3 {[%clk 0:26:28]} 35... f6 {[%clk 0:11:59]} 36. Kf2 {[%clk 0:26:28]}
36... Kc5 {[%clk 0:12:16]} 37. Ke3 {[%clk 0:25:45]} 37... Bc4 {[%clk 0:12:14]}
38. Bc2 {[%clk 0:24:57]} 38... b5 {[%clk 0:09:47]} 39. Kd2 {[%clk 0:24:33]}
39... Kd4 {[%clk 0:08:33]} 40. Kc1 40... Kc3 { [%clk 0:03:38]} 41. h4 {[%clk
0:20:32]} 41... b4 {[%clk 0:02:52]} 42. axb4 { [%clk 0:20:20]} 42... axb4
{[%clk 0:03:15]} 43. Bg6 {[%clk 0:20:09]} 43... b3 { [%clk 0:03:05]} 44. g4
44... Bd3 {[%clk 0:20:46]} 45. Bxd3 {[%clk 0:48:56]} 45... Kxd3 46. g5 {[%clk
0:41:43]} 46... hxg5 {[%clk 0:13:36]} 47. fxg5 { [%clk 0:37:26]} 47... fxg5
{[%clk 0:13:41]} 48. hxg5 {[%clk 0:37:49]} 48... g6 49. Kb2 {[%clk 0:32:51]}
49... Ke4 {[%clk 0:09:14]} 50. Kxb3 {[%clk 0:33:01]} 50... Kf5 {[%clk 0:09:38]}
51. Kc3 {[%clk 0:32:23]} 51... Kxg5 {[%clk 0:10:04]} 52. Kd3 {[%clk 0:32:26]}
52... Kf4 {[%clk 0:10:26]} 53. Ke2 {[%clk 0:32:27]} 53... Kg3 {[%clk 0:09:04]}
54. Kf1 {[%clk 0:29:26]} 54... g5 {[%clk 0:08:06]} 55. Kg1 {[%clk 0:29:38]}
55... g4 {[%clk 0:08:29]} 56. Kh1 {[%clk 0:28:47]} 56... Kf2 {[%clk 0:08:51]}
57. Kh2 {[%clk 0:29:09]} 57... g3+ {[%clk 0:09:17]} 0-1

[Event "DEM U18w 2019"]
[Site "Willingen GER"]
[Date "2019.06.13"]
[Round "7"]
[White "Möller, Lisa-Marie"]
[Black "Schulze, Lara"]
[Result "0-1"]
[Termination "normal"]
[Board "1"]
[BlackTitle "WFM"]
[WhiteElo "1900"]
[BlackElo "2160"]
[WhiteClock "00:00:32"]
[BlackClock "00:01:14"]
[PlyCount "174"]
[WhiteFideId "12959367"]
[BlackFideId "12956830"]
[EventCountry "GER"]
[EventRounds "9"]
[EventType "swiss"]
[EventDate "2019.06.08"]

1. e4 {[%clk 1:30:59]} 1... c5 {[%clk 1:30:59]} 2. Nc3 {[%clk 1:31:23]} 2...
Nc6 {[%clk 1:31:01]} 3. f4 {[%clk 1:31:48]} 3... g6 {[%clk 1:29:56]} 4. Nf3 {
[%clk 1:31:57]} 4... Bg7 {[%clk 1:30:20]} 5. Bb5 {[%clk 1:32:14]} 5... Nh6 {
[%clk 1:19:47]} 6. Bxc6 {[%clk 1:23:21]} 6... bxc6 {[%clk 1:19:59]} 7. O-O {
[%clk 1:23:26]} 7... O-O {[%clk 1:19:30]} 8. d3 {[%clk 1:22:15]} 8... f5 {
[%clk 1:10:54]} 9. Qe1 {[%clk 1:12:55]} 9... d6 {[%clk 1:09:46]} 10. Qh4 {
[%clk 1:05:08]} 10... Nf7 {[%clk 1:05:34]} 11. Ng5 {[%clk 0:58:52]} 11... Nxg5
{[%clk 1:00:45]} 12. Qxg5 {[%clk 0:57:32]} 12... e5 {[%clk 0:59:03]} 13. Qxd8 {
[%clk 0:51:15]} 13... Rxd8 {[%clk 0:59:26]} 14. Na4 {[%clk 0:40:50]} 14... Rb8
{[%clk 0:55:13]} 15. Rb1 {[%clk 0:32:38]} 15... fxe4 {[%clk 0:47:16]} 16. dxe4
{[%clk 0:30:23]} 16... Rb4 {[%clk 0:45:27]} 17. Nc3 {[%clk 0:28:09]} 17... exf4
{[%clk 0:43:35]} 18. Bxf4 {[%clk 0:25:53]} 18... Bd4+ {[%clk 0:42:54]} 19. Kh1
{[%clk 0:25:51]} 19... Bxc3 {[%clk 0:42:37]} 20. bxc3 {[%clk 0:26:08]} 20...
Rxe4 {[%clk 0:42:53]} 21. Rbe1 {[%clk 0:23:09]} 21... Bf5 {[%clk 0:41:04]} 22.
Rxe4 {[%clk 0:22:22]} 22... Bxe4 {[%clk 0:41:21]} 23. Rd1 {[%clk 0:18:51]}
23... d5 {[%clk 0:38:59]} 24. Rd2 {[%clk 0:16:46]} 24... Rd7 {[%clk 0:31:52]}
25. Be3 {[%clk 0:14:23]} 25... Rb7 {[%clk 0:24:52]} 26. Kg1 {[%clk 0:10:35]}
26... Rb1+ {[%clk 0:23:34]} 27. Kf2 {[%clk 0:10:53]} 27... Ra1 {[%clk 0:23:52]}
28. Bxc5 {[%clk 0:10:15]} 28... Rxa2 {[%clk 0:24:14]} 29. Ke3 {[%clk 0:09:12]}
29... Ra4 {[%clk 0:15:56]} 30. Rf2 {[%clk 0:06:49]} 30... a5 {[%clk 0:10:32]}
31. Rf8+ {[%clk 0:02:54]} 31... Kg7 {[%clk 0:11:01]} 32. Ra8 {[%clk 0:02:44]}
32... Ra2 {[%clk 0:04:43]} 33. Bb4 {[%clk 0:01:46]} 33... a4 {[%clk 0:03:40]}
34. Ra6 {[%clk 0:01:00]} 34... Bxg2 {[%clk 0:02:50]} 35. Kd4 {[%clk 0:00:54]}
35... Ra1 {[%clk 0:00:44]} 36. Rxc6 {[%clk 0:00:56]} 36... a3 {[%clk 0:00:57]}
37. Ra6 {[%clk 0:01:00]} 37... a2 {[%clk 0:01:04]} 38. Kc5 {[%clk 0:01:04]}
38... Kh6 {[%clk 0:01:08]} 39. c4 {[%clk 0:00:45]} 39... dxc4 {[%clk 0:00:56]}
40. Bc3 {[%clk 0:00:52]} 40... Rh1 {[%clk 0:00:45]} 41. Be5 {[%clk 0:27:34]}
41... Re1 {[%clk 0:25:55]} 42. Bf4+ {[%clk 0:26:21]} 42... Kh5 {[%clk 0:26:22]}
43. Rxa2 {[%clk 0:26:39]} 43... Re4 {[%clk 0:26:09]} 44. Bd6 {[%clk 0:25:50]}
44... Kg4 {[%clk 0:25:38]} 45. Ra3 {[%clk 0:24:29]} 45... Bf1 {[%clk 0:17:10]}
46. Rg3+ {[%clk 0:24:15]} 46... Kh5 {[%clk 0:12:44]} 47. Rf3 {[%clk 0:22:35]}
47... Re1 {[%clk 0:13:04]} 48. Rf7 {[%clk 0:20:00]} 48... h6 {[%clk 0:13:12]}
49. Bf8 {[%clk 0:15:40]} 49... Kg5 {[%clk 0:11:28]} 50. Bd6 {[%clk 0:12:02]}
50... Bh3 {[%clk 0:08:56]} 51. Bf4+ {[%clk 0:07:54]} 51... Kh5 {[%clk 0:09:03]}
52. Bg3 {[%clk 0:06:41]} 52... Rd1 {[%clk 0:05:52]} 53. Rf4 {[%clk 0:05:27]}
53... Bf1 {[%clk 0:04:36]} 54. Rd4 {[%clk 0:04:35]} 54... Rc1 {[%clk 0:03:58]}
55. Rd2 {[%clk 0:04:01]} 55... g5 {[%clk 0:04:07]} 56. Kd4 {[%clk 0:03:50]}
56... Kg4 {[%clk 0:03:33]} 57. Ke3 {[%clk 0:03:52]} 57... h5 {[%clk 0:02:55]}
58. Rd4+ {[%clk 0:01:18]} 58... Kh3 {[%clk 0:02:47]} 59. Kd2 {[%clk 0:01:20]}
59... Rb1 {[%clk 0:02:57]} 60. Rd8 {[%clk 0:00:51]} 60... h4 {[%clk 0:02:53]}
61. Rh8 {[%clk 0:00:43]} 61... Bg2 {[%clk 0:02:15]} 62. Kc3 {[%clk 0:00:53]}
62... Bf1 {[%clk 0:02:09]} 63. Kd2 {[%clk 0:01:14]} 63... Rb5 {[%clk 0:02:12]}
64. Ke1 {[%clk 0:01:12]} 64... Bg2 {[%clk 0:02:32]} 65. Bc7 {[%clk 0:01:06]}
65... Be4 {[%clk 0:02:08]} 66. c3 {[%clk 0:00:55]} 66... Rb2 {[%clk 0:02:07]}
67. Rg8 {[%clk 0:00:46]} 67... g4 {[%clk 0:02:06]} 68. Rh8 {[%clk 0:00:48]}
68... Bd3 {[%clk 0:01:32]} 69. Rh6 {[%clk 0:00:43]} 69... Rc2 {[%clk 0:01:17]}
70. Bg3 {[%clk 0:00:36]} 70... Rxc3 {[%clk 0:00:47]} 71. Rxh4+ {[%clk 0:01:03]}
71... Kg2 {[%clk 0:01:12]} 72. Rxg4 {[%clk 0:01:21]} 72... Kf3 {[%clk 0:01:27]}
73. Rg8 {[%clk 0:00:52]} 73... Rc1+ {[%clk 0:00:49]} 74. Kd2 {[%clk 0:01:20]}
74... Rc2+ {[%clk 0:01:15]} 75. Kd1 {[%clk 0:01:23]} 75... Ra2 {[%clk 0:01:30]}
76. Rf8+ {[%clk 0:01:21]} 76... Ke3 {[%clk 0:01:48]} 77. Bf4+ {[%clk 0:01:13]}
77... Ke4 {[%clk 0:00:46]} 78. Bd2 {[%clk 0:01:08]} 78... Ra1+ {[%clk 0:00:37]}
79. Bc1 {[%clk 0:01:37]} 79... Kd4 {[%clk 0:00:46]} 80. h4 {[%clk 0:00:53]}
80... Kc3 {[%clk 0:00:39]} 81. Rf2 {[%clk 0:01:01]} 81... Kd4 {[%clk 0:00:45]}
82. Rf8 {[%clk 0:01:14]} 82... Bg6 {[%clk 0:00:43]} 83. Rf4+ {[%clk 0:00:50]}
83... Kc3 {[%clk 0:00:43]} 84. Rf3+ {[%clk 0:00:58]} 84... Kb4 {[%clk 0:00:53]}
85. Rf4 {[%clk 0:00:38]} 85... Kb3 {[%clk 0:01:01]} 86. Rf3+ {[%clk 0:00:42]}
86... c3 {[%clk 0:01:09]} 87. Rg3 {[%clk 0:00:32]} 87... Bh5+ {[%clk 0:01:14]}
0-1

[Event "DEM U18w 2019"]
[Site "Willingen GER"]
[Date "2019.06.13"]
[Round "7"]
[White "Alferova, Ekaterina"]
[Black "Browning, Rebecca"]
[Result "0-1"]
[Termination "normal"]
[Board "8"]
[WhiteElo "1597"]
[BlackElo "1923"]
[WhiteClock "00:09:11"]
[BlackClock "00:16:50"]
[PlyCount "66"]
[WhiteFideId "16217250"]
[BlackFideId "12984027"]
[EventCountry "GER"]
[EventRounds "9"]
[EventType "swiss"]
[EventDate "2019.06.08"]

1. d4 {[%clk 1:30:57]} 1... d5 {[%clk 1:30:57]} 2. Bf4 {[%clk 1:31:15]} 2... c5
{[%clk 1:31:23]} 3. dxc5 {[%clk 1:30:38]} 3... Nc6 {[%clk 1:31:48]} 4. e3 {
[%clk 1:30:36]} 4... e5 {[%clk 1:32:10]} 5. Bg3 {[%clk 1:30:57]} 5... Bxc5 {
[%clk 1:24:47]} 6. c3 {[%clk 1:30:31]} 6... Nf6 {[%clk 1:24:08]} 7. h3 { [%clk
1:30:24]} 7... O-O {[%clk 1:22:38]} 8. Nf3 {[%clk 1:30:36]} 8... Bd6 { [%clk
1:21:14]} 9. Nbd2 {[%clk 1:27:42]} 9... Bf5 {[%clk 1:17:38]} 10. Be2 { [%clk
1:26:41]} 10... a6 {[%clk 1:14:24]} 11. O-O {[%clk 1:26:07]} 11... h6 { [%clk
1:12:56]} 12. Bh2 {[%clk 1:22:58]} 12... Qc7 {[%clk 1:11:54]} 13. Qc1 { [%clk
1:21:20]} 13... Rad8 {[%clk 1:09:42]} 14. Re1 {[%clk 1:19:46]} 14... Bh7 {[%clk
1:08:59]} 15. Rf1 {[%clk 1:13:25]} 15... Rfe8 {[%clk 1:08:13]} 16. Nb3 { [%clk
1:08:42]} 16... Kh8 {[%clk 0:59:01]} 17. Bd1 {[%clk 1:02:09]} 17... Bd3 { [%clk
0:51:24]} 18. Re1 {[%clk 1:02:33]} 18... e4 {[%clk 0:51:14]} 19. Bxd6 { [%clk
1:02:42]} 19... Rxd6 {[%clk 0:51:04]} 20. Nfd4 {[%clk 1:02:58]} 20... Nd7
{[%clk 0:49:34]} 21. Be2 {[%clk 1:01:57]} 21... Nce5 {[%clk 0:48:44]} 22. Rf1 {
[%clk 0:58:37]} 22... Rg6 {[%clk 0:48:18]} 23. Bxd3 {[%clk 0:56:42]} 23... Nxd3
{[%clk 0:48:11]} 24. Qd2 {[%clk 0:54:38]} 24... N7e5 {[%clk 0:48:30]} 25. Rab1
{[%clk 0:52:40]} 25... Qe7 {[%clk 0:38:26]} 26. Nc1 {[%clk 0:49:10]} 26... Qh4
{[%clk 0:35:56]} 27. Nxd3 {[%clk 0:48:04]} 27... Nxd3 {[%clk 0:36:01]} 28. Kh2
{[%clk 0:45:15]} 28... Re5 {[%clk 0:31:32]} 29. g3 {[%clk 0:38:31]} 29... Qd8 {
[%clk 0:27:08]} 30. Nf3 {[%clk 0:33:09]} 30... Rh5 {[%clk 0:21:24]} 31. Nh4 {
[%clk 0:29:39]} 31... Rxh4 {[%clk 0:16:04]} 32. gxh4 {[%clk 0:29:08]} 32...
Qxh4 {[%clk 0:16:31]} 33. Qc2 {[%clk 0:09:11]} 33... Ne5 {[%clk 0:16:50]} 0-1

[Event "DEM U18w 2019"]
[Site "Willingen GER"]
[Date "2019.06.13"]
[Round "7"]
[White "Mundt, Alexandra"]
[Black "Fuchs, Emily"]
[Result "1-0"]
[Termination "normal"]
[Board "9"]
[WhiteElo "1799"]
[BlackElo "1384"]
[WhiteClock "00:06:38"]
[BlackClock "00:08:20"]
[PlyCount "119"]
[WhiteFideId "16217276"]
[BlackFideId "16208986"]
[EventCountry "GER"]
[EventRounds "9"]
[EventType "swiss"]
[EventDate "2019.06.08"]

1. Nf3 {[%clk 1:30:58]} 1... Nf6 {[%clk 1:30:24]} 2. c4 {[%clk 1:31:22]} 2...
e6 {[%clk 1:30:40]} 3. g3 {[%clk 1:31:07]} 3... b6 {[%clk 1:29:51]} 4. Bg2 {
[%clk 1:31:31]} 4... Bb7 {[%clk 1:29:55]} 5. b3 {[%clk 1:31:42]} 5... Be7 {
[%clk 1:20:00]} 6. Bb2 {[%clk 1:32:02]} 6... c5 {[%clk 1:15:36]} 7. O-O { [%clk
1:32:03]} 7... Nc6 {[%clk 1:12:32]} 8. e3 {[%clk 1:31:09]} 8... d5 { [%clk
1:09:22]} 9. cxd5 {[%clk 1:25:42]} 9... exd5 {[%clk 1:06:42]} 10. d4 { [%clk
1:25:05]} 10... O-O {[%clk 0:57:23]} 11. Nbd2 {[%clk 1:16:44]} 11... Rc8 {[%clk
0:53:04]} 12. a3 {[%clk 1:09:22]} 12... Re8 {[%clk 0:42:08]} 13. Qe2 { [%clk
1:05:22]} 13... Qc7 {[%clk 0:28:31]} 14. dxc5 {[%clk 0:51:41]} 14... Bxc5
{[%clk 0:28:13]} 15. b4 {[%clk 0:51:08]} 15... Bd6 {[%clk 0:23:40]} 16. Rac1 {
[%clk 0:49:33]} 16... Qd7 {[%clk 0:23:07]} 17. Ng5 {[%clk 0:43:46]} 17... Be5 {
[%clk 0:18:21]} 18. Bh3 {[%clk 0:37:51]} 18... Qd6 {[%clk 0:12:32]} 19. Bxe5 {
[%clk 0:34:41]} 19... Qxe5 {[%clk 0:09:11]} 20. Bxc8 {[%clk 0:31:18]} 20...
Rxc8 {[%clk 0:09:02]} 21. Ngf3 {[%clk 0:26:43]} 21... Qe7 {[%clk 0:07:04]} 22.
Qd3 {[%clk 0:24:21]} 22... Rd8 {[%clk 0:06:28]} 23. b5 {[%clk 0:17:49]} 23...
Ne5 {[%clk 0:04:53]} 24. Nxe5 {[%clk 0:17:33]} 24... Qxe5 {[%clk 0:05:11]} 25.
Nf3 {[%clk 0:17:36]} 25... Qe7 {[%clk 0:03:04]} 26. Nd4 {[%clk 0:16:54]} 26...
Ne4 {[%clk 0:02:58]} 27. Nc6 {[%clk 0:12:52]} 27... Bxc6 {[%clk 0:03:17]} 28.
Rxc6 {[%clk 0:13:01]} 28... Nc5 {[%clk 0:03:30]} 29. Qf5 {[%clk 0:13:18]} 29...
h6 {[%clk 0:01:59]} 30. Rc8 {[%clk 0:12:55]} 30... Rxc8 {[%clk 0:02:19]} 31.
Qxc8+ {[%clk 0:13:22]} 31... Qf8 {[%clk 0:02:26]} 32. Qxf8+ {[%clk 0:05:15]}
32... Kxf8 {[%clk 0:02:50]} 33. Rd1 {[%clk 0:05:37]} 33... Ke7 {[%clk 0:02:53]}
34. Rxd5 {[%clk 0:05:54]} 34... g6 {[%clk 0:01:39]} 35. f3 {[%clk 0:04:46]}
35... f6 {[%clk 0:00:44]} 36. Kf2 {[%clk 0:04:12]} 36... Nd7 {[%clk 0:01:03]}
37. Ke2 {[%clk 0:02:38]} 37... Ne5 {[%clk 0:01:01]} 38. Rxe5+ {[%clk 0:01:32]}
38... fxe5 {[%clk 0:01:24]} 39. Kd3 {[%clk 0:01:59]} 39... Kd6 {[%clk 0:01:16]}
40. Kc4 {[%clk 0:01:25]} 40... Ke6 {[%clk 0:01:00]} 41. h4 {[%clk 0:16:15]}
41... Kd6 {[%clk 0:15:25]} 42. f4 {[%clk 0:11:58]} 42... h5 {[%clk 0:14:31]}
43. e4 {[%clk 0:09:03]} 43... Ke6 {[%clk 0:14:01]} 44. a4 {[%clk 0:08:54]}
44... Kd6 {[%clk 0:13:22]} 45. f5 {[%clk 0:03:27]} 45... gxf5 {[%clk 0:12:49]}
46. exf5 {[%clk 0:03:54]} 46... e4 {[%clk 0:08:21]} 47. Kd4 {[%clk 0:04:11]}
47... e3 {[%clk 0:08:45]} 48. Kxe3 {[%clk 0:04:38]} 48... Ke5 {[%clk 0:08:52]}
49. f6 {[%clk 0:05:00]} 49... Kxf6 {[%clk 0:09:10]} 50. Kf4 {[%clk 0:05:27]}
50... Ke6 {[%clk 0:08:31]} 51. Kg5 {[%clk 0:04:53]} 51... Kd5 {[%clk 0:08:53]}
52. Kxh5 {[%clk 0:05:19]} 52... Kc4 {[%clk 0:09:17]} 53. g4 {[%clk 0:05:42]}
53... Kb4 {[%clk 0:09:08]} 54. g5 {[%clk 0:06:09]} 54... Kxa4 {[%clk 0:09:24]}
55. g6 {[%clk 0:06:37]} 55... Kxb5 {[%clk 0:09:47]} 56. g7 {[%clk 0:06:59]}
56... a5 {[%clk 0:10:01]} 57. g8=Q {[%clk 0:07:24]} 57... a4 {[%clk 0:10:13]}
58. Kg5 {[%clk 0:06:23]} 58... Kb4 {[%clk 0:08:09]} 59. h5 {[%clk 0:06:13]}
59... a3 {[%clk 0:08:20]} 60. h6 {[%clk 0:06:38]} 1-0

[Event "DEM U18w 2019"]
[Site "Willingen GER"]
[Date "2019.06.13"]
[Round "7"]
[White "Kadach, Maria"]
[Black "Gesell, Patricia"]
[Result "1-0"]
[Termination "normal"]
[Board "13"]
[WhiteElo "1460"]
[BlackElo "1046"]
[WhiteClock "00:06:31"]
[BlackClock "00:15:12"]
[PlyCount "89"]
[WhiteFideId "16261798"]
[BlackFideId "16286960"]
[EventCountry "GER"]
[EventRounds "9"]
[EventType "swiss"]
[EventDate "2019.06.08"]

1. d4 {[%clk 1:31:21]} 1... d5 {[%clk 1:30:51]} 2. Bf4 {[%clk 1:31:43]} 2...
Bf5 {[%clk 1:30:56]} 3. e3 3... Nf6 {[%clk 1:30:19]} 4. Nd2 {[%clk 1:32:00]}
4... e6 {[%clk 1:28:17]} 5. c3 {[%clk 1:32:05]} 5... c5 6. Ngf3 {[%clk 1:31:50]
} 6... c4 {[%clk 1:25:53]} 7. Be2 {[%clk 1:31:18]} 7... Bd6 8. Bg3 { [%clk
1:31:41]} 8... Bxg3 {[%clk 1:22:36]} 9. hxg3 {[%clk 1:31:00]} 9... h6 { [%clk
1:20:29]} 10. Ne5 {[%clk 1:28:45]} 10... Nbd7 {[%clk 1:16:52]} 11. f4 { [%clk
1:23:05]} 11... Qc7 {[%clk 1:07:40]} 12. g4 {[%clk 1:14:29]} 12... Bg6 { [%clk
1:07:52]} 13. Nxg6 {[%clk 1:13:10]} 13... fxg6 {[%clk 1:06:46]} 14. g5 { [%clk
1:02:49]} 14... Ng8 {[%clk 1:04:13]} 15. Nf3 {[%clk 0:57:24]} 15... Ne7 { [%clk
1:03:23]} 16. g4 {[%clk 0:56:16]} 16... O-O-O {[%clk 0:56:28]} 17. Kd2 { [%clk
0:39:17]} 17... h5 18. Nh4 {[%clk 0:39:42]} 18... hxg4 {[%clk 0:52:07]} 19.
Bxg4 {[%clk 0:37:12]} 19... Qd6 {[%clk 0:42:31]} 20. Qc2 {[%clk 0:33:25]} 20...
Rde8 21. Nxg6 {[%clk 0:32:56]} 21... Rxh1 {[%clk 0:41:49]} 22. Rxh1 Nf5 23.
Bxf5 {[%clk 0:31:52]} 23... exf5 {[%clk 0:39:00]} 24. Qxf5 24... Qe6 { [%clk
0:38:07]} 25. Qxe6 {[%clk 0:30:44]} 25... Rxe6 26. Ne5 {[%clk 0:28:56]} 26...
Nxe5 {[%clk 0:37:14]} 27. dxe5 {[%clk 0:26:59]} 27... Kd7 {[%clk 0:34:24] } 28.
Rh7 {[%clk 0:23:11]} 28... Re7 {[%clk 0:32:57]} 29. Ke2 {[%clk 0:22:20]} 29...
Ke6 {[%clk 0:31:53]} 30. Kf3 {[%clk 0:17:58]} 30... Kf5 {[%clk 0:31:09]} 31.
Rh2 31... b5 {[%clk 0:30:42]} 32. Rd2 {[%clk 0:17:35]} 32... Rd7 { [%clk
0:30:06]} 33. Rd4 33... a5 {[%clk 0:28:38]} 34. Kg3 {[%clk 0:11:33]} 34... Ke6
35. e4 35... dxe4 {[%clk 0:27:41]} 36. Rxd7 {[%clk 0:08:53]} 36... Kxd7 {[%clk
0:28:02]} 37. Kf2 37... Ke6 {[%clk 0:26:44]} 38. Ke3 { [%clk 0:09:22]} 38...
Kd5 {[%clk 0:25:06]} 39. g6 {[%clk 0:06:34]} 39... b4 { [%clk 0:16:18]} 40. a4
{[%clk 0:06:06]} 40... Ke6 41. Kxe4 {[%clk 0:05:52]} 41... b3 {[%clk 0:15:30]}
42. f5+ 42... Ke7 {[%clk 0:15:45]} 43. Kd5 { [%clk 0:06:02]} 43... Kf8 {[%clk
0:15:42]} 44. e6 44... Ke7 {[%clk 0:15:12]} 45. Kxc4 {[%clk 0:06:31]} 1-0